00383nam a2200157 a 450000500170000000800410001705000170005810000060007524500360008126000390011744000330015665000090018965000090019865000090020765000090021620140414131925.0101027s19uu xx 00 eng d aERbAl4 2004 a  aAli Baba and the forty thieves. aMalaysia :bKohwai & Young,c2004. aFavourite fairy tales series a x  a x  a x  a x